Corpi in vendita : interi e a pezzi /

সংরক্ষণ করুন:
গ্রন্থ-পঞ্জীর বিবরন
অন্যান্য লেখক: Scheper Hughes, Nancy, Wacquant, Loïc
বিন্যাস: গ্রন্থ
ভাষা:ইতালিয়
প্রকাশিত: Verona : Ombre corte, 2004
মালা:Culture ; 15
বিষয়গুলি:
ট্যাগগুলো: ট্যাগ যুক্ত করুন
কোনো ট্যাগ নেই, প্রথমজন হিসাবে ট্যাগ করুন!

MARC

LEADER 00000nam a22000007i 4500
001 IT\ICCU\PUV\0957137
003 ItRI
005 20260115231952.0
008 040319s2004 it |||||| ||||| |||||c
020 |a 8887009538 
040 |b ita  |c importazione bologna sebina 
041 7 |a ita  |2 ISO-639-2 
082 |a 303.483  |9 CAUSE DEL CAMBIAMENTO SOCIALE. SVILUPPO DELLA SCIENZA E DELLA TECNICA  |2 21 
130 0 |a Commodifying bodies.  |3 IT\ICCU\RAV\1201113 
245 0 0 |a Corpi in vendita :  |b interi e a pezzi /  |c a cura di Nancy Scheper-Hughes e Loic Wacquant. 
260 |a Verona :  |b Ombre corte,  |c 2004 
300 |a 170 p. ;  |c 22 cm. 
650 7 |a Biotecnologia  |x Ricerche  |x Aspetti sociali  |2 scbi 
700 1 |a Scheper Hughes, Nancy  |0 IT\ICCU\UBOV\097053 
700 1 |a Wacquant, Loïc  |0 IT\ICCU\RAVV\081663 
790 1 |a Wacquant, Loïc J. D.  |3 IT\ICCU\CFIV\191287  |z Wacquant, Loïc 
830 0 |a Culture ;  |v 15  |0 IT\ICCU\VIA\0078436 
942 |2 ddc  |c BK  |n 0 
952 |0 0  |1 0  |4 0  |6 DOC_362_178000000000000_SCH  |7 0  |9 18053  |a BO  |b BO  |d 2026-01-15  |i 10916  |l 0  |o DOC 362.178 SCH  |p BO10916  |r 2026-01-15 23:19:52  |w 2026-01-15  |x [Sebina 5] [1 v.]  |y BK  |z 1 v. 
999 |c 15330  |d 15330